Biology / (Record no. 480194)

000 -LEADER
fixed length control field 01549cam a22003854a 4500
001 - CONTROL NUMBER
control field 14580594
003 - CONTROL NUMBER IDENTIFIER
control field ASAB
005 - DATE AND TIME OF LATEST TRANSACTION
control field 20180827062652.0
008 - FIXED-LENGTH DATA ELEMENTS--GENERAL INFORMATION
fixed length control field 061003s2008 mauab 001 0 eng
010 ## - LIBRARY OF CONGRESS CONTROL NUMBER
LC control number 2006032857
020 ## - INTERNATIONAL STANDARD BOOK NUMBER
International Standard Book Number 9780072965810
020 ## - INTERNATIONAL STANDARD BOOK NUMBER
International Standard Book Number 0072965819 (alk. paper)
035 ## - SYSTEM CONTROL NUMBER
System control number (OCoLC)ocm71842800
035 ## - SYSTEM CONTROL NUMBER
System control number (OCoLC)71842800
040 ## - CATALOGING SOURCE
Original cataloging agency DLC
Transcribing agency ASAB
Modifying agency YDX
-- BTCTA
-- DLC
050 00 - LIBRARY OF CONGRESS CALL NUMBER
Classification number QH308.2
Item number .R38 2008
082 00 - DEWEY DECIMAL CLASSIFICATION NUMBER
Classification number 570
Edition number 22
100 1# - MAIN ENTRY--PERSONAL NAME
Personal name Losos, Jonathan B.
9 (RLIN) 2056
245 10 - TITLE STATEMENT
Title Biology /
Statement of responsibility, etc. Jonathan B. Losos, Kenneth A. Mason, Susan R. Singer ; based on the work of Peter H. Raven, George B. Johnson.
250 ## - EDITION STATEMENT
Edition statement 8th ed.
260 ## - PUBLICATION, DISTRIBUTION, ETC.
Place of publication, distribution, etc. Boston :
Name of publisher, distributor, etc. McGraw-Hill Higher Education,
Date of publication, distribution, etc. c2008.
300 ## - PHYSICAL DESCRIPTION
Extent xxx, 1259, [82] p. :
Other physical details ill. (chiefly col.), col. maps ;
Dimensions 28 cm.
500 ## - GENERAL NOTE
General note Includes index.
650 #0 - SUBJECT ADDED ENTRY--TOPICAL TERM
Topical term or geographic name entry element Biology
Form subdivision Textbooks.
9 (RLIN) 2057
700 1# - ADDED ENTRY--PERSONAL NAME
Personal name Mason, Kenneth A.
9 (RLIN) 2058
700 1# - ADDED ENTRY--PERSONAL NAME
Personal name Singer, Susan R.
9 (RLIN) 2059
700 1# - ADDED ENTRY--PERSONAL NAME
Personal name Raven, Peter H.
9 (RLIN) 2060
700 1# - ADDED ENTRY--PERSONAL NAME
Personal name Johnson, George B.
Fuller form of name (George Brooks),
Dates associated with a name 1942-
9 (RLIN) 2061
856 41 - ELECTRONIC LOCATION AND ACCESS
Materials specified Table of contents only
Uniform Resource Identifier <a href="http://www.loc.gov/catdir/toc/ecip072/2006032857.html">http://www.loc.gov/catdir/toc/ecip072/2006032857.html</a>
856 42 - ELECTRONIC LOCATION AND ACCESS
Materials specified Contributor biographical information
Uniform Resource Identifier <a href="http://www.loc.gov/catdir/enhancements/fy0737/2006032857-b.html">http://www.loc.gov/catdir/enhancements/fy0737/2006032857-b.html</a>
856 42 - ELECTRONIC LOCATION AND ACCESS
Materials specified Publisher description
Uniform Resource Identifier <a href="http://www.loc.gov/catdir/enhancements/fy0737/2006032857-d.html">http://www.loc.gov/catdir/enhancements/fy0737/2006032857-d.html</a>
906 ## - LOCAL DATA ELEMENT F, LDF (RLIN)
a 7
b cbc
c orignew
d 1
e ecip
f 20
g y-gencatlg
942 ## - ADDED ENTRY ELEMENTS (KOHA)
Source of classification or shelving scheme
Koha item type Book
Holdings
Withdrawn status Lost status Source of classification or shelving scheme Damaged status Not for loan Permanent Location Current Location Date acquired Total Checkouts Full call number Barcode Date last seen Price effective from Koha item type
          Atta-ur-Rahman School of Applied Biosciences (ASAB) Atta-ur-Rahman School of Applied Biosciences (ASAB) 09/22/2016   570 LOS ASAB1988 07/18/2019 09/22/2016 Reference
© 2023 Central Library, National University of Sciences and Technology. All Rights Reserved.